Statistics for World Cup Top 4's

Click here to take the quiz!

General Stats

  • This quiz has been taken 71 times
    (36 since last reset)
  • The average score is 72 of 88

Answer Stats

SportStageAnswer% Correct
FootballWGermany
100%
American FootballWUnited States
100%
DartsRUNetherlands
100%
BasketballWUnited States
100%
PoloSFBrazil
100%
Field HockeyRUNetherlands
100%
Field HockeySFArgentina
100%
OctopushSFGreat Britain
100%
Rugby UnionSFArgentina
100%
FootballRUArgentina
100%
TennisSFGreat Britain
100%
TennisWArgentina
100%
FootballSFBrazil
100%
FootballSFNetherlands
100%
SnookerSFIndia
97%
OctopushWAustralia
97%
Roller DerbyRUEngland
97%
Field HockeySFEngland
97%
Field HockeyWAustralia
97%
PoloSFEngland
97%
LacrosseSFAustralia
97%
PoolSFEngland (A)
97%
Aussie RulesSFNew Zealand
97%
PoolRUEngland (B)
97%
Roller DerbySFAustralia
97%
KabaddiWIndia
97%
Rugby UnionWNew Zealand
97%
Rugby UnionRUAustralia
97%
Rugby LeagueWAustralia
97%
Rugby LeagueRUNew Zealand
97%
Rugby LeagueSFEngland
97%
CricketWAustralia
97%
CricketRUNew Zealand
97%
DartsWEngland
97%
CricketSFIndia
97%
Aussie RulesRUIreland
97%
HorseballSFSpain
93%
SnookerRUScotland
93%
GolfRUChina
93%
SnookerWChina
93%
HandballSFSpain
93%
Table TennisWChina
93%
CricketSFSouth Africa
90%
American FootballRUJapan
90%
Rugby UnionSFSouth Africa
90%
PoolSFJapan
90%
TennisRUCroatia
90%
HorseballWFrance
86%
GolfRUFrance
86%
TennisSFFrance
86%
HandballWFrance
86%
BasketballSFFrance
86%
American FootballSFFrance
86%
American FootballSFMexico
86%
BandyWRussia
86%
HorseballRUBelgium
83%
GolfWDenmark
83%
DartsSFBelgium
83%
OctopushSFColombia
83%
BandyRUFinland
83%
SnookerSFWales
83%
BandySFSweden
83%
KabaddiSFSouth Korea
79%
Roller DerbySFCanada
79%
LacrosseWCanada
79%
BasketballRUSerbia
76%
Table TennisSFChinese Taipei
76%
Table TennisSFPortugal
76%
PoolWChinese Taipei
76%
KabaddiRUIran
76%
PoloWChile
76%
Rugby LeagueSFFiji
72%
KabaddiSFThailand
72%
Table TennisRUAustria
72%
DartsSFNorthern Ireland
66%
HandballSFPoland
66%
BasketballSFLithuania
62%
OctopushRUTurkey
59%
Aussie RulesWPapua New Guinea
52%
BandySFKazakhstan
48%
HandballRUQatar
31%
Roller DerbyWUnited States
14%
PoloRUUnited States
14%
GolfRUUnited States
14%
LacrosseRUUnited States
14%
HorseballSFKyrgyzstan
10%
Aussie RulesSFNauru
7%
LacrosseSFIroquois
0%

Score Distribution

Percentile by Number Answered

Percent of People with Each Score

Your Score History

You have not taken this quiz since the last reset